000 00486nam a22001577a 4500
005 20251108174522.0
008 250721s2003 xx 000 0 ara d
082 1 4 _a378.155/جام
100 1 _aعليمات، أحمد
245 1 0 _aالجامعة الهاشمية : الجامعة بالأرقام 2002/2003 /
264 1 _aالزرقاء :
_bمطابع الرأي التجارية،
_c2003.
300 _a47ص
650 1 7 _aالاحصاا
942 _2ddc
_cBK
999 _c111223
_d111223